| 000 | 00969nam a2200265 a 4500 | ||
|---|---|---|---|
| 001 | BRCA_4868 | ||
| 005 | 20190320204833.0 | ||
| 008 | 141010c1978----it-ao#####---#000-0#eng-# | ||
| 041 | _aeng | ||
| 044 | _aspa | ||
| 050 | 4 |
_aPG7297 _b.F75 1978 |
|
| 245 | 1 | 0 |
_aFriuli Venezia Giulia _cby Roberto Mainardi ... [et al.] ; texts translated by Richard J. Dury, Richard McKeon Sadleir. |
| 260 |
_aItalia _bElecta _c1978 |
||
| 300 |
_a570 p. _bil. (algunas a color), 549 láminas _c31 cm. |
||
| 440 | 0 |
_aBanca Nacionale del Laboro _912319 |
|
| 500 | _aIncluye índice de ilustraciones y referencias fotográficas | ||
| 500 | _aColección Sonia Corcuera de Mancera. | ||
| 504 | _aBibliografía: p. 549-559 | ||
| 651 | 4 |
_aFriuli Venezia Giulia _vCatálogos _xarte e historia _zItalia _912320 |
|
| 700 | 1 |
_aDury, Richard J. _eTraductor _912321 |
|
| 700 | 1 |
_aMcKeon Sadleir, Richard _eTraductor _912322 |
|
| 700 | 1 |
_aMainardi, Roberto _912323 |
|
| 902 | _aDSC | ||
| 942 |
_2lcc _cB |
||
| 999 |
_c4562 _d4562 |
||